<?xml version="1.0" encoding="UTF-8"?>
<collection xmlns:xsi="http://www.w3.org/2001/XMLSchema-instance" xsi:schemaLocation="http://www.loc.gov/MARC21/slim http://www.loc.gov/standards/marcxml/schema/MARC21slim.xsd" xmlns="http://www.loc.gov/MARC21/slim">
 <record>
  <leader>00000cem a22000004a 4500</leader>
  <controlfield tag="001">UP-99796217605364497</controlfield>
  <controlfield tag="003">Buklod</controlfield>
  <controlfield tag="005">20230503092542.0</controlfield>
  <controlfield tag="006">m    |o  d |      </controlfield>
  <controlfield tag="007">ta</controlfield>
  <controlfield tag="008">040811s19      xx |||||| |  || | ||eng d</controlfield>
  <datafield tag="035" ind1=" " ind2=" ">
   <subfield code="a">(iLib)UPD-00000324610</subfield>
  </datafield>
  <datafield tag="040" ind1=" " ind2=" ">
   <subfield code="a">DSURP</subfield>
  </datafield>
  <datafield tag="041" ind1=" " ind2=" ">
   <subfield code="a">eng</subfield>
  </datafield>
  <datafield tag="245" ind1="1" ind2="0">
   <subfield code="a">Region 1.</subfield>
  </datafield>
  <datafield tag="255" ind1=" " ind2=" ">
   <subfield code="a">Scale indeterminable</subfield>
  </datafield>
  <datafield tag="264" ind1=" " ind2="1">
   <subfield code="a">[S.l.</subfield>
   <subfield code="b">s.n.</subfield>
   <subfield code="c">19-n].</subfield>
  </datafield>
  <datafield tag="300" ind1=" " ind2=" ">
   <subfield code="a">1 map</subfield>
   <subfield code="b">tracing paper</subfield>
   <subfield code="c">310 x 106 cm.</subfield>
  </datafield>
  <datafield tag="500" ind1=" " ind2=" ">
   <subfield code="a">Shows road routes to major towns and cities, provincial boundaries.</subfield>
  </datafield>
  <datafield tag="694" ind1=" " ind2="4">
   <subfield code="a">Region 1</subfield>
   <subfield code="v">Road maps.</subfield>
  </datafield>
  <datafield tag="842" ind1=" " ind2=" ">
   <subfield code="a">Map</subfield>
  </datafield>
  <datafield tag="905" ind1=" " ind2=" ">
   <subfield code="a">FI</subfield>
  </datafield>
  <datafield tag="852" ind1="0" ind2=" ">
   <subfield code="a">UPD</subfield>
   <subfield code="b">DSURP</subfield>
  </datafield>
  <datafield tag="942" ind1=" " ind2=" ">
   <subfield code="a">Map</subfield>
  </datafield>
 </record>
</collection>
